000 00603nam a2200229Ia 4500
003 OSt
005 20221006164837.0
006 a|||||r|||| 00| 0
007 ta
008 221006b |||||||| |||| 00| 0 eng d
024 _a975
037 _cTextual
040 _aFML
_cFML
_beng
041 _2eng
_aeng
082 _aNR44,1, L2 -; 1
100 _aHdroyde Peggy Au.
_9678460
245 0 _aThe Music of India
260 _aNew York
_bPraeger Publication
_c1972
300 _a290
_ccm.
942 _hNR44,1, L2 -; 1
_cTEXL
_2CC
999 _c1118667
_d1118667